000
00334nam a22001217a 4500
999
_c
3438
_d
3438
005
20201201151337.0
008
201201b ||||| |||| 00| 0 eng d
020
_a
002585
040
_c
CML
245
_a
Final War.
_c
White E.G.
260
_a
Arizona
_b
Inspiration Books
_c
1979
942
_2
ddc
_c
BK
_e
1st Edition
_h
235
_m
WHI